| 000 | 00608nam a2200181 i 4500 | ||
|---|---|---|---|
| 001 | 117644 | ||
| 003 | ES-MaACL | ||
| 005 | 20230906190938.0 | ||
| 007 | t| | ||
| 008 | 070214s1969 xxu |||| | eng d | ||
| 100 | 1 |
_aPaolini, Gilberto. _988850 |
|
| 245 | 1 | 3 |
_aAn aspect of spiritualistic naturalism in the novels of B. P. Galdós _b: Charity / _cGilberto Paolini. |
| 260 |
_aNew York : _bLas Americas Publishing, _c1969. |
||
| 300 |
_a155 p. ; _c24 cm. |
||
| 600 | 1 | 4 |
_aPérez Galdós, Benito, _d1843-1920- _xCrítica e interpretación _990875 |
| 852 |
_aES-MaACL _jL-10030 |
||
| 999 |
_c117644 _d117644 |
||